00534 2200205 4500001002100000005001500021035002000036245005600056100001400112250001100126300002100137260004500158082000800203084001400211020002200225008004100247650001800288990001100306990001100317INLIS00000000000179120241223085739 a0010-12240000441 aEnglish Classics :bThe Invisible Man /cH.G. Wells0 aWells H.G acet. 2 a208 hlm ;c18 cm aJakarta :bGramedia Pustaka Utama,c2023 a823 a823 WEL e a978-602-063-284-1241223 0  4aNovel Inggris a003723 a003724